| 000 | 00838nam a2200241 a 4500 | ||
|---|---|---|---|
| 001 | 013472617 | ||
| 003 | Uk | ||
| 005 | 20130317120411.0 | ||
| 008 | 060519s2006 enk b 001 0 eng | ||
| 020 | _a1905687001 (pbk.) | ||
| 020 | _a9781905687008 (pbk.) | ||
| 082 | 0 | 4 |
_a332.1091767 _222 _bDIV |
| 100 | 1 |
_aDiVanna, Joseph A. _932843 |
|
| 245 | 1 | 0 |
_aUnderstanding Islamic Banking : _bthe Value Proposition That Transcends Cultures / _cJoseph A. DiVanna. |
| 260 |
_aCambridge : _bLeonardo and Francis, _c2006. |
||
| 300 |
_axviii, 174 p. ; _c24 cm. |
||
| 490 | 0 | _aDiversity in global banking series | |
| 504 | _aIncludes bibliographical references and index. | ||
| 650 | 0 |
_aBanks and banking _zIslamic countries. _928054 |
|
| 650 | 0 |
_aBanks and banking _xReligious aspects _xIslam. _932829 |
|
| 653 |
_bEco _cMarch2013 |
||
| 942 |
_2ddc _cBB |
||
| 999 |
_c17361 _d17333 |
||